Discurso leido en la apertura anual de los estudios de la Real y Pontificia Universidad de Sto. Tomás de Manila el día 2 de julio de 1886 / (Record no. 157330)

MARC details
000 -LEADER
campo de control de longitud fija 00906nam a2200169 i 4500
001 - NÚMERO DE CONTROL
campo de control 157330
003 - IDENTIFICADOR DE NÚMERO DE CONTROL
campo de control ES-MaACL
005 - FECHA Y HORA DE LA ÚLTIMA TRANSACCIÓN
campo de control 20230906210643.0
008 - DATOS DE LONGITUD FIJA--INFORMACIÓN GENERAL
campo de control de longitud fija 011006s1886 phl |||| | spa d
040 ## - FUENTE DE CATALOGACIÓN
Centro catalogador/agencia de origen CYL
Lengua de catalogación spa
Centro/agencia transcriptor CYL
100 1# - ENTRADA PRINCIPAL--NOMBRE DE PERSONA
Nombre de persona Laynez Hernando, Marcos.
9 (RLIN) 128762
245 10 - MENCIÓN DEL TÍTULO
Título Discurso leido en la apertura anual de los estudios de la Real y Pontificia Universidad de Sto. Tomás de Manila el día 2 de julio de 1886 /
Mención de responsabilidad, etc. por el ... Marcos Laynez Hernando.
250 ## - MENCION DE EDICION
Mención de edición Edición oficial.
260 ## - PUBLICACIÓN, DISTRIBUCIÓN, ETC.
Lugar de publicación, distribución, etc. Manila :
Nombre del editor, distribuidor, etc. [S. n.],
Fecha de publicación, distribución, etc. 1886 (
Fabricante Establecimiento Tipográfico del Colegio de Sto. Tomás, a cargo de Gervasio Memije)
300 ## - DESCRIPCIÓN FÍSICA
Extensión 78 p. ;
Dimensiones 25 cm.
852 ## - LOCALIZACIÓN
Ubicación ES-MaACL
Número de control de estantería T-658-F-6
Nota libre -- Enc. hol., conservando la cub. original
-- -- An. ms.: ded. del autor a Manuel Sáenz Diez
-- -- Enc. en un vol. facticio
Encuadernación -- Edic.: tít. del discurso : "Reflexiones sobre la combinación y el compuesto químico"
Holdings
Estatus retirado Estado de pérdida Estado de daño No para préstamo Colección Biblioteca de origen Biblioteca actual Ubicación en estantería Fecha de adquisición Total de préstamos Signatura topográfica completa Código de barras Visto por última vez Precio de reemplazo Tipo de ítem Koha
        Colección de folletos Biblioteca del Ateneo de Madrid Biblioteca del Ateneo de Madrid Depósito folletos 17/01/2008   T-658-F-6 1164645 23/02/2023 23/02/2023 Folleto